000 00515nam a2200193Ia 4500
005 20260429112211.0
008 260429s9999||||xx |||||||||||||| ||und||
020 _a9789355275721
041 _aEnglish
082 _a726.143
_bFER
100 _aFerguson, James
245 0 _aRock-cut temples of India /
_cJames Ferguson
250 _a1st ed.
260 _aChennai :
_bMaven Books,
_c2023.
300 _aix, 63 p.; hb
650 _a Temple architecture-India
650 _aRock-cut architecture
942 _cTB
999 _c52860
_d52860